Co to za roślina? #23 - Statystyki

Ogólne statystyki
  • Ten quiz został rozwiązany 31 razy
  • Średni wynik to 5 z 24
Statystyki odpowiedzi
Obrazkowy Hint Odpowiedź % Poprawnych
x pospolita Orlica
67%
inaczej buk południowy Bukan / Notofagus
33%
x różowa Diaskia
33%
Efedra
33%
x sercowata Hutujnia / Pstrolistka / Tułacz
33%
x szorstki Kolcorośl
33%
x kanadyjska Moczarka
33%
x aleosowata Osoka
33%
Pilea
33%
x jednokoszyczkowe Przymiotno
33%
x sztywny Rogatek
33%
x rozgałęziona lub y oskrzydlony Wiekuistka / Złociszek
33%
Yuzu
33%
x kędzierzawa Ardizja
0%
x chińska Eukomia
0%
x pomarańczowa Ginura
0%
x wiechowata Kłoć
0%
x wąskolistna Krwawnica
0%
x szerokolistna Obiedka
0%
x pływająca Salwinia
0%
x wiosenny Sporek
0%
x wiosenny Trędownik
0%
x zmienna Tujałka
0%
x Lessona Wietrznica
0%
Nie znaleziono quizów pasujących do podanych kryteriów
Rozkład punktacji
Procent ludzi z każdym wynikiem
Percentyl według liczby udzielonych odpowiedzi
Twoja historia wyników
Nie rozwiązałeś tego quizu